<?xml version="1.0" encoding="UTF-8"?>
<record
    xmlns:xsi="http://www.w3.org/2001/XMLSchema-instance"
    xsi:schemaLocation="http://www.loc.gov/MARC21/slim http://www.loc.gov/standards/marcxml/schema/MARC21slim.xsd"
    xmlns="http://www.loc.gov/MARC21/slim">

  <leader>00740cam a22002415i 4500</leader>
  <datafield tag="999" ind1=" " ind2=" ">
    <subfield code="c">125424</subfield>
    <subfield code="d">125424</subfield>
  </datafield>
  <controlfield tag="001">21485412</controlfield>
  <controlfield tag="005">20220114091830.0</controlfield>
  <controlfield tag="008">200331s2020    mau           000 0 eng  </controlfield>
  <datafield tag="020" ind1=" " ind2=" ">
    <subfield code="a">9781284510140</subfield>
  </datafield>
  <datafield tag="040" ind1=" " ind2=" ">
    <subfield code="c">PK-LaUMT</subfield>
  </datafield>
  <datafield tag="082" ind1=" " ind2=" ">
    <subfield code="a">616.0756</subfield>
    <subfield code="b">BIS-C</subfield>
  </datafield>
  <datafield tag="100" ind1="1" ind2=" ">
    <subfield code="a">Bishop, Michael L.</subfield>
  </datafield>
  <datafield tag="245" ind1="1" ind2="0">
    <subfield code="a">Clinical chemistry :</subfield>
    <subfield code="b">prinicples, techniques, and correlations /</subfield>
    <subfield code="c">by Michael L. Bishop, Edward P. Fody and Larry E. Schoeff</subfield>
  </datafield>
  <datafield tag="250" ind1=" " ind2=" ">
    <subfield code="a">Enhanced 8th ed.</subfield>
  </datafield>
  <datafield tag="260" ind1=" " ind2=" ">
    <subfield code="a">Burlington :</subfield>
    <subfield code="b">Jones &amp; Bartlett Learning,</subfield>
    <subfield code="c">2018</subfield>
  </datafield>
  <datafield tag="300" ind1=" " ind2=" ">
    <subfield code="a">736 p.</subfield>
  </datafield>
  <datafield tag="650" ind1=" " ind2=" ">
    <subfield code="a">Clinical chemistry</subfield>
  </datafield>
  <datafield tag="650" ind1=" " ind2=" ">
    <subfield code="a">Clinical enzymology</subfield>
  </datafield>
  <datafield tag="650" ind1=" " ind2=" ">
    <subfield code="a">Immunochemistry-Medicine</subfield>
  </datafield>
  <datafield tag="700" ind1="1" ind2=" ">
    <subfield code="a">Fody, Edward P.,</subfield>
  </datafield>
  <datafield tag="700" ind1="1" ind2=" ">
    <subfield code="a">Schoeff, Larry E.,</subfield>
  </datafield>
  <datafield tag="942" ind1=" " ind2=" ">
    <subfield code="c">BK</subfield>
  </datafield>
  <datafield tag="952" ind1=" " ind2=" ">
    <subfield code="0">0</subfield>
    <subfield code="1">0</subfield>
    <subfield code="4">0</subfield>
    <subfield code="7">0</subfield>
    <subfield code="a">HSC</subfield>
    <subfield code="b">HSC</subfield>
    <subfield code="d">2022-01-14</subfield>
    <subfield code="l">0</subfield>
    <subfield code="o">616.0756 BIS-C</subfield>
    <subfield code="p">140879</subfield>
    <subfield code="r">2022-01-14 00:00:00</subfield>
    <subfield code="w">2022-01-14</subfield>
    <subfield code="y">BK</subfield>
  </datafield>
  <datafield tag="952" ind1=" " ind2=" ">
    <subfield code="0">0</subfield>
    <subfield code="1">0</subfield>
    <subfield code="4">0</subfield>
    <subfield code="7">0</subfield>
    <subfield code="a">HSC</subfield>
    <subfield code="b">HSC</subfield>
    <subfield code="d">2022-01-14</subfield>
    <subfield code="l">1</subfield>
    <subfield code="o">616.0756 BIS-C</subfield>
    <subfield code="p">140880</subfield>
    <subfield code="r">2026-01-14 16:29:41</subfield>
    <subfield code="s">2026-01-14</subfield>
    <subfield code="t">C.2</subfield>
    <subfield code="w">2022-01-14</subfield>
    <subfield code="y">BK</subfield>
  </datafield>
  <datafield tag="952" ind1=" " ind2=" ">
    <subfield code="0">0</subfield>
    <subfield code="1">0</subfield>
    <subfield code="4">0</subfield>
    <subfield code="7">0</subfield>
    <subfield code="a">HSC</subfield>
    <subfield code="b">HSC</subfield>
    <subfield code="d">2022-01-14</subfield>
    <subfield code="l">0</subfield>
    <subfield code="o">616.0756 BIS-C</subfield>
    <subfield code="p">140881</subfield>
    <subfield code="r">2022-01-14 00:00:00</subfield>
    <subfield code="t">C.3</subfield>
    <subfield code="w">2022-01-14</subfield>
    <subfield code="y">BK</subfield>
  </datafield>
  <datafield tag="952" ind1=" " ind2=" ">
    <subfield code="0">0</subfield>
    <subfield code="1">0</subfield>
    <subfield code="4">0</subfield>
    <subfield code="7">0</subfield>
    <subfield code="a">HSC</subfield>
    <subfield code="b">HSC</subfield>
    <subfield code="d">2022-01-14</subfield>
    <subfield code="l">0</subfield>
    <subfield code="o">616.0756 BIS-C</subfield>
    <subfield code="p">140882</subfield>
    <subfield code="r">2022-01-14 00:00:00</subfield>
    <subfield code="t">C.4</subfield>
    <subfield code="w">2022-01-14</subfield>
    <subfield code="y">BK</subfield>
  </datafield>
  <datafield tag="952" ind1=" " ind2=" ">
    <subfield code="0">0</subfield>
    <subfield code="1">0</subfield>
    <subfield code="4">0</subfield>
    <subfield code="7">0</subfield>
    <subfield code="a">HSC</subfield>
    <subfield code="b">HSC</subfield>
    <subfield code="d">2022-01-14</subfield>
    <subfield code="l">0</subfield>
    <subfield code="o">616.0756 BIS-C</subfield>
    <subfield code="p">140883</subfield>
    <subfield code="r">2022-01-14 00:00:00</subfield>
    <subfield code="t">C.5</subfield>
    <subfield code="w">2022-01-14</subfield>
    <subfield code="y">BK</subfield>
  </datafield>
</record>
